000 01203nam a2200265Ia 4500
003 OSt
005 20220930094817.0
006 a|||||r|||| 00| 0
007 ta
008 220926b |||||||| |||| 00| 0 hin d
024 _a19665
037 _cTheses
040 _aCRL
_cCRL
_bhin
041 _2hin
_ahin
100 _aसुधांशु, अनिरूद्ध कुमार
_9158965
110 _aदिल्ली विश्वविद्यालय. कला संकाय. हिन्दी विभाग
245 0 _aहबीब तनवीर के नाटकों में लोकधर्मिता
246 _aHabīb tanavīr ke nāṭakoan mean lokadharmitā
260 _c2013
650 _aहिन्दी साहित्य
700 _a डॉ. दिनेशकुमार गुप्ता, गा.
_9556347
700 _aदिल्ली विश्वविद्यालय. कला संकाय. हिन्दी विभाग
942 _cDIS
_2CC
999 _c887713
_d887713